| 000 | 01536nam a2200409 c 4500 | ||
|---|---|---|---|
| 001 | 59811 | ||
| 003 | CO-BoRNBP | ||
| 005 | 20251106205311.0 | ||
| 007 | ta | ||
| 008 | 210825s20132015ck abdojr 000 0 spa d | ||
| 020 | _a9789586488288 | ||
| 020 | _a9789586488297 | ||
| 040 |
_aCO-BoRNBP _bspa _erda _cCO-BoRNBP |
||
| 041 | 0 | _hspa | |
| 082 | 0 | 4 |
_a577 _bE71e _222 |
| 084 | _a2018 | ||
| 100 |
_aErazo Parga, Manuel _eaut _940381 |
||
| 245 | 1 | 0 |
_aEcología : _bimpacto de la problemática ambiental actual sobre la salud y el ambiente / _cManuel Erazo Parga, Rocío Cárdenas Romero. |
| 250 | _aPrimera edición | ||
| 264 | 1 |
_aBogotá, Colombia : _bEcoe Ediciones, _c2015 |
|
| 300 |
_a244 páginas : _bilustraciones, mapas, gráficos y fotografías |
||
| 336 |
_atexto _btxt _2rdacontent |
||
| 337 |
_asin mediación _bn _2rdamedia |
||
| 338 |
_avolumen _bnc _2rdacarrier |
||
| 490 | 0 |
_aCiencias Naturales. _aEcología y medio ambiente |
|
| 490 | 0 |
_aPlan Nacional de Lectura y Escritura Leer es mi Cuento. _a2013 |
|
| 500 | _aIncluye glosario | ||
| 504 | _aIncluye referencias bibliográficas | ||
| 521 | 1 | _aRecomendado para un público mayor de 12 años | |
| 650 | 0 | 7 |
_aEvaluación de riesgos ecológicos _2lemb _966708 |
| 650 | 0 | 7 |
_aEvaluación del impacto ambiental _2lemb _966709 |
| 650 | 0 | 7 |
_aProtección del medio ambiente _2LEMB |
| 650 | 0 | 7 |
_aSalud Publica _xAspectos ambientales _2LEMB _966710 |
| 650 | 0 | 7 |
_aEcología _xAspectos ambientales _2LEMB _966711 |
| 700 |
_aCárdenas Romero, Rocío _eaut _940382 |
||
| 942 |
_2ddc _cBK |
||
| 999 |
_c59811 _d59811 |
||